000 00773nam a2200265Ia 4500
003 OSt
005 20221006160142.0
006 a|||||r|||| 00| 0
007 ta
008 221006b |||||||| |||| 00| 0 eng d
020 _a9788991913769
_c
_18.00
024 _a44,453
037 _bGift, KCC (Window on Korea)
_cTextual
040 _aEASL
_cEASL
_beng
041 _2eng
_aeng
082 _aM31.495, Q0
100 _aLee Jin-hyuk Ed.
_9672124
245 0 _aTraditional food
_b A taste of Korean life
260 _aSeoul
_bSeoul Selection
_c2010
300 _a132p.
_ccm.
490 _v KEL
_aKorea Essentials No.4
650 _aKEL
942 _hM31.495, Q0
_cTEXL
_2CC
999 _c1112545
_d1112545